<?xml version="1.0" encoding="UTF-8"?>
<record
    xmlns:xsi="http://www.w3.org/2001/XMLSchema-instance"
    xsi:schemaLocation="http://www.loc.gov/MARC21/slim http://www.loc.gov/standards/marcxml/schema/MARC21slim.xsd"
    xmlns="http://www.loc.gov/MARC21/slim">

  <leader>01849nam a2200229 i 4500</leader>
  <controlfield tag="001">Rebiun35610550</controlfield>
  <controlfield tag="008">140919s2024    sp a    r     001 0 spadd</controlfield>
  <datafield tag="020" ind1=" " ind2=" ">
    <subfield code="a">9788434437708</subfield>
  </datafield>
  <datafield tag="040" ind1=" " ind2=" ">
    <subfield code="a">UGR </subfield>
    <subfield code="d">BUS </subfield>
    <subfield code="d">UVA </subfield>
    <subfield code="b">spa</subfield>
    <subfield code="c">tbs</subfield>
  </datafield>
  <datafield tag="041" ind1=" " ind2=" ">
    <subfield code="a">spa</subfield>
  </datafield>
  <datafield tag="100" ind1=" " ind2=" ">
    <subfield code="a">Morgado Bernal, Ignacio</subfield>
    <subfield code="9">25217</subfield>
    <subfield code="e">author</subfield>
  </datafield>
  <datafield tag="245" ind1="1" ind2="0">
    <subfield code="a">Aprender, recordar y olvidar </subfield>
    <subfield code="b">: claves cerebrales de la memoria y la educaci&#xF3;n</subfield>
    <subfield code="c">/ Ignacio Morgado ; prologue by Joaqu&#xED;n Fuster ; illustrations by Daniel Ras.</subfield>
  </datafield>
  <datafield tag="250" ind1=" " ind2=" ">
    <subfield code="a">First edition.</subfield>
  </datafield>
  <datafield tag="260" ind1=" " ind2=" ">
    <subfield code="a">Barcelona : </subfield>
    <subfield code="b">Ariel, </subfield>
    <subfield code="c">2024.</subfield>
  </datafield>
  <datafield tag="300" ind1=" " ind2=" ">
    <subfield code="a">251 pages : </subfield>
    <subfield code="b">illustrations (black and white) ; </subfield>
    <subfield code="c">23 cm.</subfield>
  </datafield>
  <datafield tag="520" ind1=" " ind2=" ">
    <subfield code="a">Adaptarse al modo en que funciona el cerebro en general y al de cada uno en particular es esencial para mejorar la memoria y la propia inteligencia.

Estamos ante un libro dirigido a todas aquellas personas interesadas en conocer c&#xF3;mo el cerebro se las arregla para aprender, almacenar y retener los conocimientos. Para entender c&#xF3;mo se refuerzan, debilitan o cambian las memorias, c&#xF3;mo recordamos y por qu&#xE9; olvidamos. En definitiva, un estudio de las razones y las claves cient&#xED;ficas que permiten establecer los mejores procedimientos para ense&#xF1;ar y aprender con eficacia.</subfield>
  </datafield>
  <datafield tag="520" ind1=" " ind2=" ">
    <subfield code="a">Adapting to the way the brain works&#x2014;both in general and in each individual&#x2014;is essential for improving memory and personal intelligence.

This book is aimed at anyone interested in understanding how the brain manages to learn, store, and retain knowledge. It explores how memories are strengthened, weakened, or changed, how we remember, and why we forget. In short, it is a study of the scientific reasons and principles that help establish the most effective methods for teaching and learning.</subfield>
  </datafield>
  <datafield tag="650" ind1="0" ind2="0">
    <subfield code="a">Learning, Psychology of</subfield>
    <subfield code="9">6988</subfield>
  </datafield>
  <datafield tag="650" ind1="0" ind2="0">
    <subfield code="a">Memory</subfield>
    <subfield code="9">9634</subfield>
  </datafield>
  <datafield tag="650" ind1="0" ind2="0">
    <subfield code="a">Cognition</subfield>
    <subfield code="9">6853</subfield>
  </datafield>
  <datafield tag="942" ind1=" " ind2=" ">
    <subfield code="2">lcc</subfield>
  </datafield>
  <datafield tag="952" ind1=" " ind2=" ">
    <subfield code="0">0</subfield>
    <subfield code="1">0</subfield>
    <subfield code="2">lcc</subfield>
    <subfield code="4">0</subfield>
    <subfield code="7">0</subfield>
    <subfield code="a">TBS</subfield>
    <subfield code="b">TBS</subfield>
    <subfield code="d">2025-05-14</subfield>
    <subfield code="l">0</subfield>
    <subfield code="o">BF378.M4 MOR</subfield>
    <subfield code="p">B05773</subfield>
    <subfield code="r">2025-05-14</subfield>
    <subfield code="t">1</subfield>
    <subfield code="w">2025-05-14</subfield>
    <subfield code="y">1</subfield>
  </datafield>
  <datafield tag="999" ind1=" " ind2=" ">
    <subfield code="c">4658</subfield>
    <subfield code="d">4658</subfield>
  </datafield>
</record>
